Space & anti-space : (Record no. 608581)

000 -LEADER
fixed length control field 01569cam a2200409 i 4500
001 - CONTROL NUMBER
control field 22415716
005 - DATE AND TIME OF LATEST TRANSACTION
control field 20240306125439.0
008 - FIXED-LENGTH DATA ELEMENTS--GENERAL INFORMATION
fixed length control field 220208s2020 caua b 000 0 eng
010 ## - LIBRARY OF CONGRESS CONTROL NUMBER
LC control number 2021443246
020 ## - INTERNATIONAL STANDARD BOOK NUMBER
International Standard Book Number 9781941806777
Qualifying information (paperback)
040 ## - CATALOGING SOURCE
Original cataloging agency DLC
Language of cataloging eng
Description conventions rda
Transcribing agency DLC
042 ## - AUTHENTICATION CODE
Authentication code pcc
043 ## - GEOGRAPHIC AREA CODE
Geographic area code n-us-ny
-- e-fr---
-- e-it---
050 00 - LIBRARY OF CONGRESS CALL NUMBER
Classification number NA9053.S6
Item number P42 2020
082 04 - DEWEY DECIMAL CLASSIFICATION NUMBER
Classification number 720.103
Edition number 23
Author Mark PET
100 1# - MAIN ENTRY--PERSONAL NAME
Personal name Peterson, Steven K.,
Relator term author.
9 (RLIN) 121918
245 10 - TITLE STATEMENT
Title Space & anti-space :
Remainder of title the fabric of place, city, and architecture /
Statement of responsibility, etc. by Steven Peterson & Barbara Littenberg ; introduction by Michael Dennis ; foreword by Jonathan Barnett.
246 3# - VARYING FORM OF TITLE
Title proper/short title Space and anti-space
250 ## - EDITION STATEMENT
Edition statement First edition.
264 #1 - PRODUCTION, PUBLICATION, DISTRIBUTION, MANUFACTURE, AND COPYRIGHT NOTICE
Place of production, publication, distribution, manufacture [Novato, CA] :
Name of producer, publisher, distributor, manufacturer Oro Editions,
Date of production, publication, distribution, manufacture, or copyright notice [2020]
300 ## - PHYSICAL DESCRIPTION
Extent 360p.:
Other physical details illustrations (some color) ;
Dimensions 25 cm
336 ## - CONTENT TYPE
Content type term text
Content type code txt
Source rdacontent
336 ## - CONTENT TYPE
Content type term still image
Content type code sti
Source rdacontent
337 ## - MEDIA TYPE
Media type term unmediated
Media type code n
Source rdamedia
338 ## - CARRIER TYPE
Carrier type term volume
Carrier type code nc
Source rdacarrier
504 ## - BIBLIOGRAPHY, ETC. NOTE
Bibliography, etc. note Includes bibliographical references.
650 #0 - SUBJECT ADDED ENTRY--TOPICAL TERM
Topical term or geographic name entry element Space (Architecture)
9 (RLIN) 31755
650 #0 - SUBJECT ADDED ENTRY--TOPICAL TERM
Topical term or geographic name entry element City planning
Geographic subdivision New York (State)
-- New York.
9 (RLIN) 121919
650 #0 - SUBJECT ADDED ENTRY--TOPICAL TERM
Topical term or geographic name entry element City planning
Geographic subdivision France
-- Paris.
9 (RLIN) 121920
650 #0 - SUBJECT ADDED ENTRY--TOPICAL TERM
Topical term or geographic name entry element City planning
Geographic subdivision Italy
-- Rome.
9 (RLIN) 121921
650 #0 - SUBJECT ADDED ENTRY--TOPICAL TERM
Topical term or geographic name entry element Public spaces.
9 (RLIN) 26778
650 #0 - SUBJECT ADDED ENTRY--TOPICAL TERM
Topical term or geographic name entry element Urban ecology (Sociology)
9 (RLIN) 927
700 1# - ADDED ENTRY--PERSONAL NAME
Personal name Littenberg, Barbara,
Relator term author.
9 (RLIN) 121922
906 ## - LOCAL DATA ELEMENT F, LDF (RLIN)
a 7
b cbc
c origres
d 2
e ncip
f 20
g y-gencatlg
942 ## - ADDED ENTRY ELEMENTS (KOHA)
Source of classification or shelving scheme
Koha item type Book
Holdings
Withdrawn status Lost status Source of classification or shelving scheme Damaged status Not for loan Permanent Location Current Location Date acquired Source of acquisition Total Checkouts Full call number Barcode Date last seen Date last checked out Cost, replacement price Price effective from Koha item type
          School of Art Design and Architecture (SADA) School of Art Design and Architecture (SADA) 06/13/2022 Golden Books 1 720.103 PET 2020 SADA0002952 03/24/2025 01/27/2025 5629.00 03/06/2024 Book
© 2023 Central Library, National University of Sciences and Technology. All Rights Reserved.